البنائية في التربية آراء في قضايا جدلية وآراء رادة عليها / (رقم التسجيلة. 123550)

تفاصيل مارك
000 -LEADER
fixed length control field 00597nam a22001817a 4500
005 - DATE AND TIME OF LATEST TRANSACTION
control field 20251108175010.0
008 - FIXED-LENGTH DATA ELEMENTS--GENERAL INFORMATION
fixed length control field 250721s2010 xx 000 0 ara d
082 14 - DEWEY DECIMAL CLASSIFICATION NUMBER
Classification number 370.12/بنا
100 1# - MAIN ENTRY--PERSONAL NAME
Personal name فلبس، دنس
Relator term محرر
245 10 - TITLE STATEMENT
Title البنائية في التربية آراء في قضايا جدلية وآراء رادة عليها /
264 1# - PRODUCTION, PUBLICATION, DISTRIBUTION, MANUFACTURE, AND COPYRIGHT NOTICE
Place of production, publication, distribution, manufacture عمان :
Name of producer, publisher, distributor, manufacturer دار وائل للنشر،
Date of production, publication, distribution, manufacture, or copyright notice 2010.
300 ## - PHYSICAL DESCRIPTION
Extent 400ص
650 17 - SUBJECT ADDED ENTRY--TOPICAL TERM
Topical term or geographic name as entry element التربية
650 17 - SUBJECT ADDED ENTRY--TOPICAL TERM
Topical term or geographic name as entry element فلسفة التربية
700 1# - ADDED ENTRY--PERSONAL NAME
Personal name الشيخ، عمر حسن
Relator term مترجم
942 ## - ADDED ENTRY ELEMENTS (KOHA)
Source of classification or shelving scheme Dewey Decimal Classification
Koha item type كتب
المقتنيات
حالة السحب حالة الفقدان مصدر التصنيف حالة التلف غير قابل للإعارة المكتبة الرئيسية المكتبة الحالية موقع الرف تاريخ التزويد الرقم المتسلسل Total Checkouts رقم الإستدعاء الباركود تاريخ آخر ظهور تاريخ الفاتورة نوع المادة (كوها)
Withdrawn   Dewey Decimal Classification     المكتبة المركزية المكتبة المركزية الإعارة 28/07/2025 1447884   370.12/بنا PLD00210182 28/07/2025 28/07/2025 كتب
    Dewey Decimal Classification     مكتبة الأميرة ايمان العامة مكتبة الأميرة ايمان العامة الإعارة 18/06/2011 1447886   370.12/بنا PLD00210194 28/07/2025 18/06/2011 كتب
    Dewey Decimal Classification     مكتبة البراعم الواعدة مكتبة البراعم الواعدة الإعارة 18/06/2011 1447892   370.12/بنا PLD00210200 28/07/2025 18/06/2011 كتب
Implemented & Customized by: BBB with SCIT (Smart Chains for Information Technology)

Powered by Koha